| 000 | 00525nam a22001817a 4500 | ||
|---|---|---|---|
| 005 | 20260526162640.0 | ||
| 008 | 260526b |||||||| |||| 00| 0 eng d | ||
| 020 |
_a9789391125349 _c395.00 |
||
| 040 | _aMAIN | ||
| 041 | _aEnglish | ||
| 082 |
_a634.9 _bSHA |
||
| 100 |
_aSharma, Sunayan _926918 |
||
| 245 |
_aWild Treasures And Adventures _b: A Foresters Diary |
||
| 260 |
_a Dehradun _bBishan Singh Mahindra Pal Singh _c2025 |
||
| 300 | _a112 | ||
| 650 |
_aUttarakhand Collection : Himalaya Collection _913 |
||
| 942 | _cBK | ||
| 999 |
_c60894 _d60894 |
||